Álbum de un héroe : (Registro nro. 12546)

Detalles MARC
000 -LIDER
fixed length control field 00894nam a2200253 a 4500
001 - NÚMERO DE CONTROL
Identificador de número de control 000032491
003 - IDENTIFICACDOR DE NÚMERO DE CONTROL
control field DO-SdBNP
005 - DATE AND TIME OF LATEST TRANSACTION
control field 20171011100212.0
008 - ELEMENTOS DE LONGITUD FIJA
fixed length control field 110718s2002 dr 000 0 spa d
020 ## - ISBN
International Standard Book Number 9993420395
040 ## - FUENTE DE CATALOGACIÓN
Agencia que crea de manera original el registro BPMSU
Idioma de catalogación spa
Agencia que realiza la transcripción BPMSU
049 ## - LOCAL HOLDINGS (OCLC)
Holding library
082 #4 - NÚMERO DE CLASIFICACIÓN DECIMAL DE DEWEY
Classification number 923.2
Item number M378a
245 00 - MENCIÓN DE TITULO
Título Álbum de un héroe :
Subtítulo a la augusta memoria de José Martí /
Mención de responsabilidad compilado por Federico Henríquez i Carvajal.
260 ## - PUBLICACIÓN, DISTRIBUCIÓN, ETC. (PIE DE IMPRENTA)
Lugar de publicación, distribución, etc Santo Domingo :
Nombre del editor, distribuidor, etc. Secretaria de Estado de Cultura,
Fecha de publicación, distribución, etc 2002.
300 ## - DESCRIPCIÓN FÍSICA
Extensión 80 p. ;
Dimensiones 22 cm.
600 14 - ENCABEZAMIENTO DE MATERIA--NOMBRE PERSONAL
Nombre personal MARTÍ, JOSÉ,
Fechas asociadas con el nombre 1853-1895
Subdivisión temática general CRÍTICA E INTERPRETACIÓN
651 #4 - ENCABEZAMIENTO DE MATERIA--NOMBRE GEOGRÁFICO
Nombre geográfico CUBA-
Subdivisión temática general HISTORIA
Subdivisión cronológica 1878-1895
Subdivisión temática general ENSAYOS, CONFERENCIAS, ETC.
700 1# - ASIENTO SECUNDARIO -- NOMBRE PERSONAL
Nombre personal Henríquez i Carvajal, Federico,
Fechas asociadas con el nombre 1848-1952
Mención de responsabilidad comp.
910 ## - VALIDACIÓN
Validación Validado. Control de calidad BNPHU
942 ## - ADDED ENTRY ELEMENTS (KOHA)
Source of classification or shelving scheme Dewey Decimal Classification
Koha item type Libros
945 ## - INFORMACIÓN DE PROCESAMIENTO LOCAL
Información de procesamiento local Inventariado / 2017 VM
956 ## - LOCAL ELECTRONIC LOCATION AND ACCESS (OCLC)
Nombre de host VMATEO
Número de acceso 10
Información de compresión 20170208
Inicio de sesión BPMSU
Procesador de solicitud 0069
Existencias
Withdrawn status Lost status Source of classification or shelving scheme Damaged status Not for loan Collection code Home library Current library Date acquired Source of acquisition Total Checkouts Full call number Barcode Date last seen Price effective from Koha item type Copy number
    Dewey Decimal Classification     Colección Dominicana Biblioteca Pública Metropolitana Salomé Ureña Biblioteca Pública Metropolitana Salomé Ureña 02/08/2017 COMPRA   923. 2 M378a BPMSU17020009 02/08/2017 02/08/2017 Libros  
    Dewey Decimal Classification     Colección Dominicana Biblioteca Pública Metropolitana Salomé Ureña Biblioteca Pública Metropolitana Salomé Ureña 02/08/2017 COMPRA   923. 2 M378a BPMSU17020010 02/08/2017 02/08/2017 Libros e. 2
    Dewey Decimal Classification     Colección Dominicana Biblioteca Pública Metropolitana Salomé Ureña Biblioteca Pública Metropolitana Salomé Ureña 02/08/2017 COMPRA   923. 2 M378a BPMSU17020011 02/08/2017 02/08/2017 Libros e. 3